Chandrasekhara vilasa natakam, (Record no. 68082)

MARC details
000 -LEADER
fixed length control field 00814cam a22002531 4500
001 - CONTROL NUMBER
control field sa 66001940
003 - CONTROL NUMBER IDENTIFIER
control field DLC
005 - DATE AND TIME OF LATEST TRANSACTION
control field 20260227112226.0
008 - FIXED-LENGTH DATA ELEMENTS--GENERAL INFORMATION
fixed length control field 901231s1963 ii 000 0 sano
010 ## - LIBRARY OF CONGRESS CONTROL NUMBER
LC control number sa 66001940
025 ## - OVERSEAS ACQUISITION NUMBER
Overseas acquisition number PL480:I-San-445
035 ## - SYSTEM CONTROL NUMBER
System control number (OCoLC)22913502
040 ## - CATALOGING SOURCE
Original cataloging agency DLC
Transcribing agency WaU
Modifying agency WaU
-- DLC
042 ## - AUTHENTICATION CODE
Authentication code premarc
050 00 - LIBRARY OF CONGRESS CALL NUMBER
Classification number PK3798.S32
Item number C3 1963
100 0# - MAIN ENTRY--PERSONAL NAME
Personal name Śāhajī,
Titles and words associated with a name King of Tanjore,
Dates associated with a name active 1684-1712.
245 10 - TITLE STATEMENT
Title Chandrasekhara vilasa natakam,
Statement of responsibility, etc. by Sahaji Maharaja. Edited by V. Sundara Sarma.
260 ## - PUBLICATION, DISTRIBUTION, ETC.
Place of publication, distribution, etc. Thanjavur,
Name of publisher, distributor, etc. O. A. Narayanaswami, Honorary Secretary, T. M. S. S. M. Library,
Date of publication, distribution, etc. 1963.
300 ## - PHYSICAL DESCRIPTION
Extent 5, 21 p.
Dimensions 25 cm.
500 ## - GENERAL NOTE
General note In Sanskrit.
500 ## - GENERAL NOTE
General note Added title: Candraśekharavilāsa.
700 2# - ADDED ENTRY--PERSONAL NAME
Personal name Sundara Sarma, V.
740 0# - ADDED ENTRY--UNCONTROLLED RELATED/ANALYTICAL TITLE
Uncontrolled related/analytical title Candraśekharavilāsa.

No items available.

Powered by Koha